Detalles MARC
| 000 -LEADER |
| fixed length control field |
01669nam a2200217Ia 4500 |
| 003 - CONTROL NUMBER IDENTIFIER |
| control field |
OSt |
| 005 - DATE AND TIME OF LATEST TRANSACTION |
| control field |
20211015162217.0 |
| 008 - FIXED-LENGTH DATA ELEMENTS--GENERAL INFORMATION |
| fixed length control field |
210310s2007 ck ado gr 000 0 spa d |
| 040 ## - CATALOGING SOURCE |
| Original cataloging agency |
CO-JMCR |
| Transcribing agency |
CO-JMCR |
| 041 0# - LANGUAGE CODE |
| Language code of text/sound track or separate title |
spa |
| 082 04 - DEWEY DECIMAL CLASSIFICATION NUMBER |
| Classification number |
338.17373 / |
| Item number |
A798c |
| Edition number |
23 |
| 111 2# - MAIN ENTRY--MEETING NAME |
| Meeting name or jurisdiction name as entry element |
Asamblea ( |
| Number of part/section/meeting |
71a. : |
| Date of meeting or treaty signing |
noviembre13 y 14 de 2007 : |
| Location of meeting |
Cartagena de Indias) |
| 9 (RLIN) |
41195 |
| 245 10 - TITLE STATEMENT |
| Title |
Café de Colombia : |
| Remainder of title |
¿Cuánto debemos producir? |
| Statement of responsibility, etc. |
LXXI Asamblea Anual de Exportadores de Café |
| 260 ## - PUBLICATION, DISTRIBUTION, ETC. |
| Place of publication, distribution, etc. |
Cartagena de Indias : |
| Name of publisher, distributor, etc. |
Asociación Nacional de Exportadores de Café, |
| Date of publication, distribution, etc. |
2008. |
| 300 ## - PHYSICAL DESCRIPTION |
| Extent |
141 páginas : |
| Other physical details |
ilustraciones, gráficas y fotografías ; |
| Dimensions |
23 cm. |
| 500 ## - GENERAL NOTE |
| General note |
Memoria LXXI Asamblea Cartagena de Indias noviembre 13 y 14 de 2007. |
| 505 0# - FORMATTED CONTENTS NOTE |
| Title |
El negocio del desarrollo cafetero mundial: rentabilidad y calidad. / |
| Statement of responsibility |
Mauricio Bernal. -- |
| Title |
¿Cuánto café producir? El cultivo requiere programación, planeación y estrategia. / |
| Statement of responsibility |
Gabriel Silva Luján. -- |
| Title |
El futuro del café colombiano. / |
| Statement of responsibility |
Masaki Kondo. -- |
| Title |
Starbucks y su política empresarial: la gente es lo primero. / |
| Statement of responsibility |
Colman Cuff. -- |
| Title |
La Marca Dunkin Donuts. / |
| Statement of responsibility |
Scott Hudler. -- |
| Title |
El café un cultivo que debe ser competitivo y rentable. / |
| Statement of responsibility |
Pedro Echavarría. -- |
| Title |
El entorno de los Fondos de Inversión y los Commodities. / |
| Statement of responsibility |
Michael Corcoran. -- |
| Title |
Café brasilero: potencial de la producción, consumo interno y saldo exportable. / |
| Statement of responsibility |
Luiz Otavio Araripe. -- |
| Title |
La economía colombiana y la política cafetera. / |
| Statement of responsibility |
Oscar Iván Zuluaga. -- |
| Title |
Palabras en el foro cafetero 2007. / |
| Statement of responsibility |
Jorge Enrique Lozano. |
| 650 14 - SUBJECT ADDED ENTRY--TOPICAL TERM |
| Topical term or geographic name entry element |
Desarrollo cafetero |
| 9 (RLIN) |
41196 |
| 650 24 - SUBJECT ADDED ENTRY--TOPICAL TERM |
| Topical term or geographic name entry element |
Rentabilidad y calidad |
| General subdivision |
Café |
| 9 (RLIN) |
41197 |
| 942 ## - ADDED ENTRY ELEMENTS (KOHA) |
| Source of classification or shelving scheme |
Dewey Decimal Classification |
| Koha item type |
Books |